Football - Ces joueurs Ivoiriens passés par la Ligue 1 - Statistiques

Statistiques générales
  • Ce quiz a été pris 47 fois
  • Le résultat moyen est 5 sur 20
Statistiques - réponses
Hint Réponse % Correct
Manchester City - Fulham (prêt) - Bastia (prêt) - Udinese - Lens - Al-Nassr - Al-Ettifaq (prêt) - Rennes Seko FOFANA
65%
Lens - Toulouse - PSG (prêt) - PSG - Tottenham - Villarreal - Nottingham Forest - Galatasaray Serge AURIER
63%
KSK Beveren - Metalurg Donetsk - Olympiakos - Monaco - Barcelone - Manchester City - Olympiakos - Qingdao Huanghai Yaya TOURÉ
63%
Stade Poitevin - Angers - Orléans (prêt) - Lille - Arsenal - Nice (prêt) - Trabzonspor - Villarreal Nicolas PÉPÉ
47%
KSK Beveren - Le Mans - Lille - Arsenal - Rome - Hebei China Fortune - Parme - Trabzonspor - Aris Salonique GERVINHO
42%
Chelsea - Rennes (prêt) - Grenade (prêt) - Birmingham (prêt) - Sassuolo - Atalanta Bergame (prêt) - Atalanta Bergame - Nice Jérémie BOGA
37%
Metz - Lyon - Burnley - West Ham - Southampton (prêt) Maxwell CORNET
30%
Rennes - Strasbourg Guéla DOUÉ
28%
Saint-Étienne - Paris FC (prêt) - Saint-Trond (prêt) - Angers (prêt) - Lille - Celta Vigo Jonathan BAMBA
26%
ASEC Abidjan - Feyenoord - Auxerre - PSG - Lens - Al Jazira - SC Heerenveen Bonaventure KALOU
16%
Orléans - Strasbourg - Monaco - Saint-Étienne (prêt) - Strasbourg (prêt) - Strasbourg - Angers Jean-Eudes AHOLOU
16%
ASEC Mimosas - KSK Beveren - Le Mans - Seville - Espanyol Barcelone (prêt) - Real Saragosse - Bastia - Omonia Nicosie - NorthEast United ROMARIC
14%
ASEC Mimosas - Anderlecht - Lens - Portsmouth (prêt) - Lekhwiya - Al-Gharafa - Al-Sailiya - Crystal Palace Aruna DINDANE
12%
ASEC Mimosas - Al-Ittihad Doha - Lorient - Nice - Marseille - Lekhwiya - Qatar FC - Umm Sala - Ajman Club - Paris FC Bakari KONÉ
9%
Evian-Thonon-Gaillard - Marseille - Watford - Lens (prêt) - Ankaragücü - Kayserispor - Samsunspor - Denizlispor - Doxa Katokopias - Eendracht Alost Brice DJA DJEDJE
9%
ASEC Mimosas - Mamelodi Sundowns - Saint-Étienne - Reims (prêt) - Valenciennes - PSG - Montpellier Siaka TIÉNÉ
9%
Africa Sports - ES Sahel - Al-Ain - Al Sadd - Lille - Lyon - Galatasaray - Al Sadd - Budapest Honved - Persib Bandung Abdul Kader KEITA
7%
Nantes - Reading - Nice (prêt) - Nice Emerse FAÉ
7%
ASEC Mimosas - KSK Beveren - Metalurg Donetsk - Germinal Beershot - KRC Genk - FK Dnipro - AS Monaco - Kuban Krasnodar - FK Rostov - KVC Westerlo Igor LOLO
2%
Zurich - Auxerre - Lens - Marseille (prêt) - Huelva (prêt) - Lekhwiya FC- Panetolikos FC - Arles-Avignon Kanga AKALÉ
2%
Aucun quiz correspondant
Distribution des résultats
% des personnes avec chaque résultat
Percentile par nombre de réponses
Votre historique - résultats
Vous n’avez pas pris ce quiz